000 00579cam a2200217 i 4500
001 391885
005 20180129092400.0
008 790514s1980 nyua bd 001 0 eng
010 _a 79014968
020 _a0442241690
040 _aDLC
_cDLC
_dDLC
041 _aeng
080 _a581.03
082 0 0 _a581.03 LIT
100 1 _a23
101 _a581.03
245 1 2 _aA dictionary of botany /
_cR. John Little, C. Eugene Jones ; ill. by Raymond B. Smith.
504 _aBibliography: p. 397-400.
906 _a7
_bcbc
_corignew
_d1
_eocip
_f19
_gy-gencatlg
942 _2ddc
_cBK
999 _c41197
_d41197